000 00423nam a2200169Ia 4500
005 20250423101725.0
008 250422s9999 xx 000 0 und d
020 _a9780008210915
050 _aHQ 1073 .M36/
245 0 _aWith the end in mind: how to live and die well
260 _aStirlingshire
260 _bWilliam Collins
260 _c2017
300 _a359 p
650 _a Death. Terminal care.
942 _cBK
999 _c37088
_d37088